| 000 | 00506cam a22001337a 4500 | ||
|---|---|---|---|
| 008 | 180718b1977 xxu||||| |||| 00| 0 eng d | ||
| 082 | _aB135x5421 P192 | ||
| 100 | _aPandey, P.S. | ||
| 245 |
_aImpact of industrialisation on rural community ( a study of social change in some village surrounding the sugar factories of Deoria district) _cby P.S. Pandey |
||
| 260 |
_aDelhi _bResearch _c1977 |
||
| 300 | _a154p. | ||
| 650 | _aSugar industry and trade - India - U.P. | ||
| 650 | _aSociology Rural - India - U.P. | ||
| 999 |
_c351375 _d351375 |
||